Score 0/10 Timer 01:30
6 Plays Today
% Correct
Florida
97.3%
Mississippi
97.1%
Alabama
97%
Georgia
97%
Louisiana
97%
South Carolina
95.3%
Texas
95%
North Carolina
87.4%
Arkansas
68.3%
Oklahoma
33.5%
Remove Ads.
Support Sporcle.
Get the best of Sporcle when you Go Orange. This ad-free experience offers more features, more stats, and more fun while also helping to support Sporcle. Thank you for becoming a member.

You're not logged in!

Compare scores with friends on all Sporcle quizzes.
OR
Log In

Show Comments

Extras

Top Quizzes Today


Score Distribution

Your Account Isn't Verified!

In order to create a playlist on Sporcle, you need to verify the email address you used during registration. Go to your Sporcle Settings to finish the process.

Report this User

Report this user for behavior that violates our Community Guidelines.

Details: